[Event "FIDE World Senior Team Championship 2020"]
[Site "Olympik hotel, Sokolovska 138,"]
[Date "2020.03.12"]
[Round "7.20"]
[White "Vanka, Miloslav"]
[Black "Patola, Eero"]
[Result "1/2-1/2"]
[WhiteElo "2125"]
[BlackElo "1809"]
[PlyCount "137"]
[EventDate "2020.03.06"]
[WhiteTeam "CZE9"]
[BlackTeam "FIN3"]

1. e4 d5 2. exd5 Nf6 3. d4 Nxd5 4. c4 Nb6 5. Nf3 Bg4 6. c5 Nd5 7. Qb3 Bc8 8.
Bc4 e6 9. Nc3 c6 10. Bg5 Be7 11. Ne4 Nf6 12. Bxf6 gxf6 13. O-O-O b5 14. Be2 a5
15. Qe3 h5 16. h4 Na6 17. Kb1 Nc7 18. g3 Nd5 19. Qd2 a4 20. Nc3 a3 21. Nxd5
Qxd5 22. b3 Bd8 23. Qe3 Bc7 24. Nd2 e5 25. Bf3 Bf5+ 26. Be4 Qe6 27. Rhe1 O-O-O
28. Qf3 Bg4 29. Qd3 Rxd4 30. Qc2 Rhd8 31. f3 f5 32. fxg4 fxe4 33. Nxe4 Qxg4 34.
Rxd4 Rxd4 35. Qe2 Qxe2 36. Rxe2 f5 37. Nf6 f4 38. gxf4 Rxf4 39. Nxh5 Rxh4 40.
Nf6 Rh1+ 41. Kc2 Ra1 42. Kc3 Rb1 43. b4 Rf1 44. Ne4 Rf3+ 45. Kc2 Kd7 46. Rd2+
Ke7 47. Rd3 Rxd3 48. Kxd3 Ke6 49. Nc3 Bd8 50. Nb1 Bg5 51. Nxa3 Kd5 52. Nb1 e4+
53. Kc2 Kc4 54. a3 e3 55. Nc3 Bh4 56. Ne2 Be1 57. Ng1 Bxb4 58. axb4 Kxb4 59.
Kd3 Kxc5 60. Kxe3 Kc4 61. Kd2 Kb3 62. Ne2 c5 63. Nc1+ Ka3 64. Kc2 b4 65. Nd3 c4
66. Nxb4 Kxb4 67. Kb2 c3+ 68. Kc2 Kc4 69. Kc1 1/2-1/2

[Event "FIDE World Senior Team Championship 2020"]
[Site "Olympik hotel, Sokolovska 138,"]
[Date "2020.03.12"]
[Round "7.20"]
[White "Virtanen, Esko"]
[Black "Halla, Jiri"]
[Result "1-0"]
[WhiteElo "1723"]
[BlackElo "1744"]
[PlyCount "63"]
[EventDate "2020.03.06"]
[WhiteTeam "FIN3"]
[BlackTeam "CZE9"]

1. Nf3 Nf6 2. d4 g6 3. c4 Bg7 4. Nc3 O-O 5. e4 d6 6. Be2 e5 7. O-O Nc6 8. d5
Ne7 9. Bg5 h6 10. Be3 Ng4 11. Bd2 f5 12. exf5 gxf5 13. Nh4 Nf6 14. g3 Qd7 15.
f4 e4 16. Nb5 c5 17. dxc6 bxc6 18. Nd4 Bb7 19. Rc1 Rad8 20. Qa4 Ne8 21. Bc3 Nc7
22. Rfd1 a6 23. b4 Ne6 24. Nb3 Qc7 25. Bxg7 Kxg7 26. b5 axb5 27. cxb5 Qb6+ 28.
Kf1 Ra8 29. Qc4 d5 30. Qc3+ Kh7 31. bxc6 Nxc6 32. Rxd5 1-0

[Event "FIDE World Senior Team Championship 2020"]
[Site "Olympik hotel, Sokolovska 138,"]
[Date "2020.03.12"]
[Round "7.20"]
[White "Macoun, Jiri"]
[Black "Walta, Paivi"]
[Result "0-1"]
[WhiteElo "1713"]
[BlackElo "1681"]
[PlyCount "118"]
[EventDate "2020.03.06"]
[WhiteTeam "CZE9"]
[BlackTeam "FIN3"]

1. e4 c5 2. Bc4 Nc6 3. a3 Nf6 4. d3 g6 5. f4 d6 6. Nf3 Bg7 7. O-O O-O 8. Nc3 e6
9. Be3 b6 10. Qd2 Ng4 11. h3 Nxe3 12. Qxe3 Nd4 13. Qd2 a6 14. Rae1 b5 15. Ba2
Rb8 16. e5 d5 17. Nxd4 cxd4 18. Ne2 Qb6 19. Qb4 Bd7 20. Qxd4 Qb7 21. c3 Rbc8
22. Qe3 a5 23. b4 Ra8 24. Bb3 axb4 25. axb4 Ra3 26. Rb1 Rfa8 27. Nd4 Qc7 28.
Rfc1 Bh6 29. g3 Bf8 30. Kf2 Bg7 31. Kf3 R8a7 32. g4 h6 33. Nc2 R3a6 34. d4 Qd8
35. Qe2 Rc7 36. Qe1 Qc8 37. Ne3 Rac6 38. Nd1 Bf8 39. Ba2 Be7 40. Rb2 Qd8 41.
Bb1 Bh4 42. Qe3 Qc8 43. Bd3 Rb6 44. Rg2 Be7 45. Rb1 Ra6 46. Rb3 Ra1 47. Bc2
Rca7 48. Rh2 Qc4 49. Qe2 Qc8 50. h4 Qf8 51. h5 g5 52. f5 f6 53. Kg3 R7a2 54.
Qd3 exf5 55. gxf5 Qg7 56. e6 Bd6+ 57. Kh3 Be8 58. Rh1 Bxh5 59. Bb1 g4+ 0-1

[Event "FIDE World Senior Team Championship 2020"]
[Site "Olympik hotel, Sokolovska 138,"]
[Date "2020.03.12"]
[Round "7.20"]
[White "Ristoja, Aulikki"]
[Black "Sedlackova, Janka"]
[Result "0-1"]
[WhiteElo "1564"]
[BlackElo "1504"]
[PlyCount "98"]
[EventDate "2020.03.06"]
[WhiteTeam "FIN3"]
[BlackTeam "CZE9"]

1. d4 Nf6 2. Bf4 d5 3. e3 Bf5 4. Nf3 e6 5. Nbd2 Ne4 6. c3 Bd6 7. Qb3 b6 8. Nxe4
Bxe4 9. Qa4+ c6 10. Ne5 Qc7 11. f3 Bg6 12. g4 f6 13. Nxg6 hxg6 14. Bxd6 Qxd6
15. Qc2 Kf7 16. O-O-O Nd7 17. f4 e5 18. fxe5 fxe5 19. dxe5 Qxe5 20. Qf2+ Ke7
21. Bd3 Raf8 22. Qe2 Rf6 23. Rde1 Nc5 24. Bc2 Kd6 25. c4 Ne4 26. cxd5 cxd5 27.
Bxe4 Qxe4 28. Qa6 Rf2 29. Qa3+ Ke6 30. Qc3 Qc4 31. Qxc4 dxc4 32. h3 Ke5 33. Rd1
Ke6 34. Rd4 b5 35. Rf4 Re2 36. Re4+ Kd5 37. Re7 a6 38. Rd1+ Kc5 39. e4 Rxh3 40.
Rxg7 Rhh2 41. Rd5+ Kb4 42. Rxg6 Rc2+ 43. Kb1 Rxb2+ 44. Kc1 Rxa2 45. Kb1 Rhb2+
46. Kc1 Kc3 47. Rxa6 Rxa6 48. Rxb5 Rxb5 49. Kd1 Kd3 0-1

[Event "FIDE World Senior Team Championship 2020"]
[Site "Olympik hotel, Sokolovska 138,"]
[Date "2020.03.12"]
[Round "7.21"]
[White "Juricek, Stanislav"]
[Black "Farrand, Julian T"]
[Result "1/2-1/2"]
[WhiteElo "2037"]
[BlackElo "1942"]
[PlyCount "53"]
[EventDate "2020.03.06"]
[WhiteTeam "CZE10"]
[BlackTeam "ENG2"]

1. e4 Nc6 2. Nf3 d6 3. d4 Nf6 4. Nc3 g6 5. h3 Bg7 6. Bg5 h6 7. Be3 a6 8. a4 Bd7
9. Qd2 e5 10. Be2 g5 11. dxe5 dxe5 12. Bc5 Bf8 13. Bxf8 Kxf8 14. Bc4 Be6 15.
Bxe6 Qxd2+ 16. Nxd2 fxe6 17. Nd1 Ke7 18. Ne3 Rhd8 19. c3 Rd7 20. Ke2 Rad8 21.
Rhd1 Na5 22. Rab1 c5 23. Ndc4 Rxd1 24. Rxd1 Rxd1 25. Kxd1 Nxc4 26. Nxc4 Nxe4
27. f3 1/2-1/2

[Event "FIDE World Senior Team Championship 2020"]
[Site "Olympik hotel, Sokolovska 138,"]
[Date "2020.03.12"]
[Round "7.21"]
[White "Novak, Josef"]
[Black "Ewart, Brian R"]
[Result "1-0"]
[WhiteElo "1831"]
[BlackElo "1867"]
[PlyCount "51"]
[EventDate "2020.03.06"]
[WhiteTeam "CZE10"]
[BlackTeam "ENG2"]

1. e4 c5 2. Nf3 e6 3. d4 cxd4 4. Nxd4 Nc6 5. Be2 a6 6. O-O Qc7 7. c4 Nf6 8. Nc3
Bb4 9. Nxc6 bxc6 10. Qc2 Bd6 11. f4 Bc5+ 12. Kh1 h5 13. e5 Ng4 14. Ne4 Bd4 15.
Bxg4 hxg4 16. Qd1 c5 17. Qxg4 Bxe5 18. fxe5 Qxe5 19. Qf4 Qxf4 20. Bxf4 d5 21.
cxd5 exd5 22. Nxc5 Kf8 23. Rae1 Rh5 24. Bd6+ Kg8 25. Re8+ Kh7 26. Rxf7 1-0

[Event "FIDE World Senior Team Championship 2020"]
[Site "Olympik hotel, Sokolovska 138,"]
[Date "2020.03.12"]
[Round "7.21"]
[White "Goldrick, Thomas G"]
[Black "Vlachopulos, Elefteris"]
[Result "1/2-1/2"]
[WhiteElo "1850"]
[BlackElo "1709"]
[PlyCount "46"]
[EventDate "2020.03.06"]
[WhiteTeam "ENG2"]
[BlackTeam "CZE10"]

1. d4 d5 2. Bf4 c6 3. e3 Nf6 4. Nd2 Bf5 5. Ngf3 h6 6. Ne5 e6 7. c3 Nbd7 8. Be2
Be7 9. O-O O-O 10. h3 Rc8 11. a4 c5 12. a5 c4 13. b3 cxb3 14. Qxb3 b6 15. Ba6
Rc7 16. Nxd7 Rxd7 17. Bb5 g5 18. Bxd7 gxf4 19. Bb5 fxe3 20. fxe3 bxa5 21. c4
Kh8 22. cxd5 Rg8 23. Kh1 Bb4 1/2-1/2

[Event "FIDE World Senior Team Championship 2020"]
[Site "Olympik hotel, Sokolovska 138,"]
[Date "2020.03.12"]
[Round "7.22"]
[White "Fleuch, Hans-Juergen"]
[Black "Urban, Miroslav"]
[Result "0-1"]
[WhiteElo "1948"]
[BlackElo "1807"]
[PlyCount "50"]
[EventDate "2020.03.06"]
[WhiteTeam "GER10"]
[BlackTeam "CZE11"]

1. e4 e5 2. Nf3 Nc6 3. Bb5 a6 4. Ba4 Nf6 5. d3 d6 6. c3 Be7 7. Nbd2 O-O 8. Nf1
b5 9. Bc2 d5 10. Qe2 Be6 11. b3 b4 12. exd5 Nxd5 13. c4 Nc3 14. Qd2 Bg4 15. Ng5
h6 16. Ne4 f5 17. f3 Bxf3 18. Nxc3 bxc3 19. Qf2 Bh4 20. Ng3 f4 21. Qxf3 Nd4 22.
Qd1 fxg3 23. h3 Rf2 24. Qg4 Nxc2+ 25. Kd1 Qxd3+ 0-1

[Event "FIDE World Senior Team Championship 2020"]
[Site "Olympik hotel, Sokolovska 138,"]
[Date "2020.03.12"]
[Round "7.22"]
[White "Chybny, Zdenek"]
[Black "Tichatschke, Wolfgang"]
[Result "1/2-1/2"]
[WhiteElo "1776"]
[BlackElo "1974"]
[PlyCount "28"]
[EventDate "2020.03.06"]
[WhiteTeam "CZE11"]
[BlackTeam "GER10"]

1. c4 e6 2. Nc3 d5 3. d4 Nf6 4. cxd5 exd5 5. Bg5 Be7 6. e3 O-O 7. Bd3 Nbd7 8.
Qc2 h6 9. Bh4 c5 10. Nf3 Re8 11. O-O b6 12. Rfd1 c4 13. Be2 Bb7 14. b3 Qc7
1/2-1/2

[Event "FIDE World Senior Team Championship 2020"]
[Site "Olympik hotel, Sokolovska 138,"]
[Date "2020.03.12"]
[Round "7.22"]
[White "Strauss, Peter"]
[Black "Nigrin, Jiri"]
[Result "1-0"]
[WhiteElo "1841"]
[BlackElo "1490"]
[PlyCount "131"]
[EventDate "2020.03.06"]
[WhiteTeam "GER10"]
[BlackTeam "CZE11"]

1. c4 Nf6 2. d4 g6 3. Nc3 Bg7 4. e4 d6 5. Be2 O-O 6. Be3 b6 7. Qd2 Bb7 8. f3
Nbd7 9. Nh3 Rc8 10. O-O e6 11. a3 a5 12. Bg5 Qe8 13. b4 axb4 14. axb4 Ra8 15.
Nb5 Rxa1 16. Rxa1 Qb8 17. Bh6 c6 18. Nc3 Re8 19. Bxg7 Kxg7 20. Qa2 Qa8 21. Qb2
Qb8 22. Nf2 Kg8 23. Nd3 Qc7 24. Qb3 Ra8 25. Rxa8+ Bxa8 26. b5 c5 27. d5 exd5
28. exd5 Bb7 29. Qd1 Bc8 30. g4 Kg7 31. Qe1 Qd8 32. Qg3 Qe7 33. Qf4 h6 34. g5
hxg5 35. Qxg5 Nf8 36. Qd2 Qa7 37. Nf2 Bf5 38. Nce4 Qa1+ 39. Kg2 Qe5 40. Bd3
N8d7 41. Qc3 Qxc3 42. Nxc3 Bxd3 43. Nxd3 Nh5 44. Ne4 f5 45. Nxd6 Kf6 46. f4 Ke7
47. Nc8+ Kd8 48. Na7 Nhf6 49. Nc6+ Ke8 50. Kf3 Ne4 51. Ke3 Nd6 52. Nde5 Nf8 53.
Kf3 Ne4 54. Kg2 Nd6 55. Kh3 Nh7 56. Kh4 Nf6 57. Kg5 Ng4 58. h3 Nf2 59. h4 Nh3+
60. Kxg6 Nxf4+ 61. Kf6 Nxd5+ 62. cxd5 f4 63. h5 c4 64. Nd4 Kf8 65. Ng6+ Kg8 66.
Nxf4 1-0

[Event "FIDE World Senior Team Championship 2020"]
[Site "Olympik hotel, Sokolovska 138,"]
[Date "2020.03.12"]
[Round "7.23"]
[White "James, Kevin"]
[Black "Bartonicek, Zdenek"]
[Result "1/2-1/2"]
[WhiteElo "1924"]
[BlackElo "1949"]
[PlyCount "52"]
[EventDate "2020.03.06"]
[WhiteTeam "IRL"]
[BlackTeam "CZE8"]

1. d4 Nf6 2. c4 g6 3. Nc3 d5 4. cxd5 Nxd5 5. Bd2 Nf6 6. Bg5 Bg7 7. e4 O-O 8.
Be2 c5 9. d5 Qa5 10. Qd2 Re8 11. Nf3 Bg4 12. O-O Nbd7 13. Rad1 Rad8 14. Qf4 Qb4
15. Rd2 h6 16. Bxh6 Bxh6 17. Qxh6 Bxf3 18. gxf3 e5 19. Kh1 Nh7 20. Rg1 Qb6 21.
Bb5 Qf6 22. Rg3 a6 23. Bxd7 Rxd7 24. Qh3 Rd6 25. Nd1 Ng5 26. Qg2 Ne6 1/2-1/2

[Event "FIDE World Senior Team Championship 2020"]
[Site "Olympik hotel, Sokolovska 138,"]
[Date "2020.03.12"]
[Round "7.23"]
[White "Fabian, Jan"]
[Black "Gibson, John F."]
[Result "1/2-1/2"]
[WhiteElo "1896"]
[BlackElo "1830"]
[PlyCount "47"]
[EventDate "2020.03.06"]
[WhiteTeam "CZE8"]
[BlackTeam "IRL"]

1. e4 g6 2. d4 Bg7 3. f4 a6 4. c3 e6 5. Nf3 d5 6. e5 b5 7. a4 bxa4 8. Qxa4+ Bd7
9. Qb3 Ne7 10. Be2 Qc8 11. Qa3 h5 12. Nbd2 Nf5 13. Nb3 Bf8 14. Nc5 Be7 15. b4
Bxc5 16. bxc5 O-O 17. O-O Nc6 18. Bd2 Kh7 19. Rfb1 Nfe7 20. h3 Kg7 21. g4 Rh8
22. Kg2 Rh7 23. Ng5 Rh6 24. Qc1 {Unreadable - 48 moves} 1/2-1/2

[Event "FIDE World Senior Team Championship 2020"]
[Site "Olympik hotel, Sokolovska 138,"]
[Date "2020.03.12"]
[Round "7.23"]
[White "Lynch, Peter J."]
[Black "Becvar, Miroslav"]
[Result "1/2-1/2"]
[WhiteElo "1645"]
[BlackElo "1857"]
[PlyCount "70"]
[EventDate "2020.03.06"]
[WhiteTeam "IRL"]
[BlackTeam "CZE8"]

1. e4 e5 2. Nf3 Nc6 3. d4 exd4 4. c3 d5 5. exd5 Qxd5 6. cxd4 Bb4+ 7. Nc3 Nge7
8. Be2 O-O 9. O-O Qd8 10. a3 Ba5 11. b4 Bb6 12. d5 Nb8 13. Qb3 a5 14. Bf4 axb4
15. axb4 Rxa1 16. Rxa1 Nf5 17. Nb5 Na6 18. Bc4 Qe7 19. d6 Nxd6 20. Nxd6 cxd6
21. Re1 Qd7 22. Ng5 Qf5 23. g3 d5 24. Bxd5 Nc7 25. Be4 Qf6 26. Bxh7+ Kh8 27.
Bd3 Bf5 28. Bc4 Kg8 29. h4 Bg6 30. Nf3 Re8 31. Rxe8+ Nxe8 32. Ne5 Bd4 33. Nxg6
Qxg6 34. Be3 Bf6 35. Bd5 b5 1/2-1/2

[Event "FIDE World Senior Team Championship 2020"]
[Site "Olympik hotel, Sokolovska 138,"]
[Date "2020.03.12"]
[Round "7.24"]
[White "Mozna, Eva"]
[Black "Koper, Stefan"]
[Result "1/2-1/2"]
[WhiteElo "1907"]
[BlackElo "1820"]
[PlyCount "23"]
[EventDate "2020.03.06"]
[WhiteTeam "CZEW"]
[BlackTeam "CZE12"]

1. d4 d5 2. Nf3 c6 3. g3 Nf6 4. Bg2 Bf5 5. O-O e6 6. Nbd2 Ne4 7. Nh4 Nxd2 8.
Bxd2 Bg6 9. Nxg6 hxg6 10. c3 Nd7 11. e4 Be7 12. Qe2 1/2-1/2

[Event "FIDE World Senior Team Championship 2020"]
[Site "Olympik hotel, Sokolovska 138,"]
[Date "2020.03.12"]
[Round "7.24"]
[White "Konvalinka, Vladislav"]
[Black "Pribylova, Ruzena"]
[Result "1/2-1/2"]
[WhiteElo "1722"]
[BlackElo "1823"]
[PlyCount "27"]
[EventDate "2020.03.06"]
[WhiteTeam "CZE12"]
[BlackTeam "CZEW"]

1. d4 Nf6 2. c4 g6 3. g3 Bg7 4. Bg2 O-O 5. Nf3 c6 6. O-O d5 7. Nbd2 Nbd7 8. b3
b6 9. Bb2 Bb7 10. e3 Rc8 11. Rc1 c5 12. cxd5 Bxd5 13. Qe2 cxd4 14. Bxd4 1/2-1/2

[Event "FIDE World Senior Team Championship 2020"]
[Site "Olympik hotel, Sokolovska 138,"]
[Date "2020.03.12"]
[Round "7.24"]
[White "Lansky, Petr"]
[Black "Sunkova, Marie"]
[Result "1/2-1/2"]
[WhiteElo "1582"]
[BlackElo "1837"]
[PlyCount "31"]
[EventDate "2020.03.06"]
[WhiteTeam "CZE12"]
[BlackTeam "CZEW"]

1. e4 c5 2. Nc3 e6 3. f4 Nf6 4. Nf3 a6 5. Be2 Nc6 6. O-O b5 7. e5 Nd5 8. Nxd5
exd5 9. c3 d6 10. d4 c4 11. Be3 Bf5 12. Bf2 Be7 13. h3 h6 14. g4 Be4 15. Qe1 h5
16. Nh2 1/2-1/2